Statistics for Melbourne Suburbs by Ancestry

Click here to take the quiz!

General Stats

  • This quiz has been taken 31 times
  • The average score is 19 of 48

Answers on the Map

Answers color-coded by a green-red scale on the quiz's map according to % correct below.
 

Answer Stats

Ancestry%Suburb% Correct
Chinese30.5Melbourne
77%
Chinese46.6Box Hill
73%
Chinese38.0Glen Waverley
73%
Hazara9.7Dandenong
65%
Chinese36.6Doncaster
65%
Vietnamese23.1Springvale
65%
Chinese24.7Carlton
62%
Chinese22.0Docklands
58%
Indian17.4Point Cook
58%
Chinese34.5Box Hill North
54%
Chinese38.0Doncaster East
54%
Chinese24.6Clayton
50%
Chinese26.7Mount Waverley
50%
Chinese20.7Southbank
50%
Vietnamese23.3Springvale South
50%
Chinese34.4Balwyn
46%
Chinese32.0Balwyn North
46%
Chinese20.1Bulleen
42%
Chinese25.5Burwood
42%
Chinese23.9Templestowe
42%
Chinese20.1Clayton South
38%
Chinese17.0Mulgrave
38%
Indian27.0Tarneit
38%
Chinese21.1Templestowe Lower
38%
Indian26.2Truganina
38%
Chinese30.4Burwood East
35%
Vietnamese13.4Deer Park
35%
Chinese19.0Keysborough
35%
Italian12.5Lalor
35%
Vietnamese12.8Noble Park
35%
Italian13.8Thomastown
35%
Italian18.5Fawkner
31%
Chinese26.6Forest Hill
31%
Indian25.6Manor Lakes
31%
Chinese30.1Vermont South
31%
Chinese24.8Wheelers Hill
31%
Indian18.4Clyde North
27%
Italian24.5Keilor East
27%
Vietnamese25.7St Albans
27%
Chinese28.7Wantirna South
27%
Indian19.0Wollert
27%
Italian20.7Greenvale
23%
Vietnamese34.1Sunshine North
23%
Italian23.9Avondale Heights
19%
Vietnamese19.4Sunshine West
19%
Vietnamese30.0Cairnlea
15%
Turkish21.8Meadow Heights
15%
Turkish11.8Roxburgh Park
12%

Score Distribution

Percentile by Number Answered

Percent of People with Each Score

Your Score History

You have not taken this quiz